000 00758nam a2200169 a 4500
008 120416s1996 ||||||||||||||||| || u
020 _a0821337386
050 _aIBRD-IFC(08)DP/30
100 _aKarmokolias, Yannis
245 1 0 _aCost benefit analysis of the private sector environmental investments: a case study of the Kunda Cement Factory
260 _aWashington, D.C.
_bWorld Bank
_c1996
300 _avii, 32p. : ill.
350 _a0.00
490 _aInternational Finance Corporation Discussion Papers
650 _aCEMENT INDUSTRY--WASTE DISPOSAL--ESTONIA--KUNDA--COST EFFECTIVENESS--CASE STUDIES
995 _D0.00
_FCBU-MAIN LIBRARY (Kitwe)
_H1
_I0.00
_M1
_UAVAILABLE
_ZInternational Publications
999 _c38993
_d38993